<?xml version="1.0" encoding="UTF-8"?>
<collection xmlns="http://www.loc.gov/MARC21/slim">
 <record>
  <leader>06304nam a2200397 a 4500</leader>
  <controlfield tag="001">kal4892</controlfield>
  <controlfield tag="003">Gr-AtHEAL</controlfield>
  <controlfield tag="005">20160506125839.0</controlfield>
  <controlfield tag="006">m        d        </controlfield>
  <controlfield tag="008">160413s2015    gr      s           gre|c</controlfield>
  <datafield tag="020" ind1=" " ind2=" ">
   <subfield code="a">9789606031144</subfield>
  </datafield>
  <datafield tag="040" ind1=" " ind2=" ">
   <subfield code="a">GR-AtHEAL</subfield>
   <subfield code="b">gre</subfield>
   <subfield code="c">GR-AtHEAL</subfield>
  </datafield>
  <datafield tag="082" ind1="0" ind2="4">
   <subfield code="a">612.04</subfield>
   <subfield code="2">23</subfield>
  </datafield>
  <datafield tag="100" ind1="1" ind2=" ">
   <subfield code="a">Σακκάς, Γεώργιος.</subfield>
   <subfield code="8">960</subfield>
  </datafield>
  <datafield tag="245" ind1="1" ind2="0">
   <subfield code="a">Εγχειρίδιο για την σωματική αξιολόγηση ειδικών πληθυσμών: δοκιμασίες εργαστηρίου και πεδίου για την επιστημονική υποστήριξη προγραμμάτων άσκησης για υγεία</subfield>
   <subfield code="h">[Ηλεκτρονικός πόρος] </subfield>
   <subfield code="b">Σωματική αξιολόγηση ειδικών πληθυσμών</subfield>
   <subfield code="c">Σακκάς, Γεώργιος ; κ.α. ; Κριτικός αναγνώστης,Δεληγιάννης, Αστέριος ; Γλωσσική επιμέλεια,Κατσαρού, Δήμητρα.</subfield>
  </datafield>
  <datafield tag="260" ind1=" " ind2=" ">
   <subfield code="a">Αθήνα :</subfield>
   <subfield code="b">Σύνδεσμος Ελληνικών Ακαδημαϊκών Βιβλιοθηκών,</subfield>
   <subfield code="c">c2015.</subfield>
  </datafield>
  <datafield tag="490" ind1=" " ind2=" ">
   <subfield code="a">Ακαδημαϊκά Ηλεκτρονικά Συγγράμματα και Βοηθήματα Κάλλιπος</subfield>
   <subfield code="8">40</subfield>
  </datafield>
  <datafield tag="520" ind1=" " ind2=" ">
   <subfield code="a">Στο συγκεκριμένο εγχειρίδιο θα αναπτυχθούν διεξοδικά οι δοκιμασίες που χρησιμοποιούνται για την αξιολόγηση της σωματικής κατάστασης των ατόμων που ανήκουν στους ειδικούς πληθυσμούς. Θα γίνει αναφορά α. σε δοκιμασίες που για τη διεξαγωγή τους απαιτείται ειδικός εργαστηριακός εξοπλισμός και ειδικό προσωπικό αλλά και β. σε δοκιμασίες πεδίου οι οποίες είναι εύκολες, απλές, χωρίς ιδιαίτερο κόστος και για την πραγματοποίηση τους δεν απαιτείται ειδικός εξοπλισμός. Η διενέργεια των προτεινόμενων δοκιμασιών είναι απαραίτητη για τη σωστή δόμηση προγραμμάτων άσκησης σε ειδικούς πληθυσμούς. Παράλληλα θα αναφερθούν πιθανά σφάλματα τα οποία μπορεί να γίνουν κατά τη διεξαγωγή των δοκιμασίων και να οδηγήσουν σε λάθος εκτίμηση, τρόποι αξιολόγησης των αποτελεσμάτων, καθώς και θα προταθούν κριτήρια για την επιλογή των καταλληλότερων δοκιμασιών. Συγκεκριμένα θα αναπτυχθούν δοκιμασίες που ευρέως χρησιμοποιούνται για την αξιολόγηση των σωματομετρικών δοκιμασιών και της σωματικής σύστασης. Επίσης θα αναπτυχθούν διεξοδικά οι προτεινόμενες από τη βιβλιογραφία δοκιμασίες που χρησιμοποιούνται για την εκτίμηση της λειτουργικής ικανότητας και συγκεκριμένα της αερόβιας ικανότητας, της αξιολόγησης της μυϊκής δύναμης και ισχύος καθώς και της ευκινησίας, ευλυγισίας και των συντονιστικών ικανοτήτων. Παράλληλα, θα περιγραφεί η κλινική ανάλυση βάδισης, η δύναμη και η σπαστικότητα. Επιπλέον, θα γίνει λεπτομερής αναφορά στα ερωτηματολόγια που αξιολογούν τα επίπεδα σωματικής δραστηριότητας και αντιλαμβανόμενης ποιότητας ζωής. Ένα κεφάλαιο θα αναφερθεί στις μεθόδους αξιολόγησης της καρδιακής λειτουργίας. Εκτενής αναφορά θα γίνει και στους δείκτες οστεοπόρωσης και εκτίμησης της οστικής πυκνότητας. Με ποιον τρόπο πραγματοποιείται ο βιοχημικός έλεγχος και η αξιολόγηση των διάφορων δεικτών του θα αποτελέσει ακόμη ένα κεφάλαιο του βιβλίου. Στο τέλος κάθε κεφαλαίου του βιβλίου θα γίνεται αναφορά σε ενδεικτικές περιπτώσεις.</subfield>
  </datafield>
  <datafield tag="650" ind1=" " ind2="0">
   <subfield code="a">Exercise tests</subfield>
   <subfield code="8">2825</subfield>
  </datafield>
  <datafield tag="650" ind1=" " ind2="0">
   <subfield code="a">Sports injuries</subfield>
   <subfield code="x">Rehabilitation.</subfield>
   <subfield code="8">2826</subfield>
  </datafield>
  <datafield tag="653" ind1=" " ind2=" ">
   <subfield code="a">Χρόνιες παθήσεις</subfield>
  </datafield>
  <datafield tag="653" ind1=" " ind2=" ">
   <subfield code="a">Προγράμμα άσκησης</subfield>
  </datafield>
  <datafield tag="653" ind1=" " ind2=" ">
   <subfield code="a">Δοκιμασίες πεδίου</subfield>
  </datafield>
  <datafield tag="653" ind1=" " ind2=" ">
   <subfield code="a">Ειδικοί πληθυσμοί</subfield>
  </datafield>
  <datafield tag="653" ind1=" " ind2=" ">
   <subfield code="a">Σωματική αξιολόγηση</subfield>
  </datafield>
  <datafield tag="653" ind1=" " ind2=" ">
   <subfield code="a">Επιστήμες της ζωής</subfield>
   <subfield code="a">Αθλητική επιστήμη/επιστήμη φυσικής αγωγής και αθλητισμού</subfield>
   <subfield code="a">Αθλητικοί τραυματισμοί και αποκατάσταση</subfield>
  </datafield>
  <datafield tag="653" ind1=" " ind2=" ">
   <subfield code="a">Επιστήμες της ζωής</subfield>
   <subfield code="a">Αθλητική επιστήμη/επιστήμη φυσικής αγωγής και αθλητισμού</subfield>
  </datafield>
  <datafield tag="700" ind1="1" ind2=" ">
   <subfield code="a">Γιαννάκη, Χριστόφορος</subfield>
   <subfield code="e">Συγγραφέας</subfield>
   <subfield code="8">1246</subfield>
  </datafield>
  <datafield tag="700" ind1="1" ind2=" ">
   <subfield code="a">Καρατζαφέρη, Χριστίνα</subfield>
   <subfield code="e">Συγγραφέας</subfield>
   <subfield code="8">962</subfield>
  </datafield>
  <datafield tag="700" ind1="1" ind2=" ">
   <subfield code="a">Καλτσάτου, Ανωνία</subfield>
   <subfield code="e">Συγγραφέας</subfield>
   <subfield code="8">963</subfield>
  </datafield>
  <datafield tag="700" ind1="1" ind2=" ">
   <subfield code="a">Δεληγιάννης, Αστέριος</subfield>
   <subfield code="e">Κριτικός αναγνώστης</subfield>
   <subfield code="8">1245</subfield>
  </datafield>
  <datafield tag="856" ind1="4" ind2="0">
   <subfield code="u">http://hdl.handle.net/11419/4892</subfield>
   <subfield code="z">Πλήρες Κείμενο - Full text</subfield>
  </datafield>
  <datafield tag="907" ind1=" " ind2=" ">
   <subfield code="a">.b25680547</subfield>
   <subfield code="b">12-06-18</subfield>
   <subfield code="c">29-07-16</subfield>
  </datafield>
  <datafield tag="949" ind1=" " ind2=" ">
   <subfield code="0">0</subfield>
   <subfield code="1">0</subfield>
   <subfield code="2">ddc</subfield>
   <subfield code="4">0</subfield>
   <subfield code="6">612_040000000000000_ΣΑΚ</subfield>
   <subfield code="7">0</subfield>
   <subfield code="8">KALL</subfield>
   <subfield code="8">813</subfield>
   <subfield code="d">2016-04-13</subfield>
   <subfield code="r">2016-04-13</subfield>
   <subfield code="w">2016-04-13</subfield>
   <subfield code="z">612.04 ΣΑΚ</subfield>
   <subfield code="o">SEAB KALLIPOS</subfield>
  </datafield>
  <datafield tag="998" ind1=" " ind2=" ">
   <subfield code="a">80</subfield>
   <subfield code="a">01</subfield>
   <subfield code="a">02</subfield>
   <subfield code="a">03</subfield>
   <subfield code="a">04</subfield>
   <subfield code="a">05</subfield>
   <subfield code="a">06</subfield>
   <subfield code="a">07</subfield>
   <subfield code="a">08</subfield>
   <subfield code="a">09</subfield>
   <subfield code="a">10</subfield>
   <subfield code="a">11</subfield>
   <subfield code="a">12</subfield>
   <subfield code="a">13</subfield>
   <subfield code="a">14</subfield>
   <subfield code="a">15</subfield>
   <subfield code="a">16</subfield>
   <subfield code="a">17</subfield>
   <subfield code="a">18</subfield>
   <subfield code="a">19</subfield>
   <subfield code="a">20</subfield>
   <subfield code="a">21</subfield>
   <subfield code="a">22</subfield>
   <subfield code="a">23</subfield>
   <subfield code="a">24</subfield>
   <subfield code="a">25</subfield>
   <subfield code="a">26</subfield>
   <subfield code="b">16-05-17</subfield>
   <subfield code="c">m</subfield>
   <subfield code="d">z  </subfield>
   <subfield code="e">-</subfield>
   <subfield code="f">gre</subfield>
   <subfield code="g">gr </subfield>
   <subfield code="h">0</subfield>
  </datafield>
  <datafield tag="942" ind1=" " ind2=" ">
   <subfield code="2">ddc</subfield>
   <subfield code="c">KALLIPOS</subfield>
  </datafield>
 </record>
</collection>
